[Event "Sonderjysk EMT Gruppe 1 2007"]
[Site "Agerskov"]
[Date "2007.09.09"]
[Round "1"]
[White "Asmund, Erik"]
[Black "Bjornskov, Kai Christian"]
[Result "1-0"]
[WhiteElo "1578"]
[BlackElo "2106"]
[PlyCount "123"]
[EventDate "2007.??.??"]

1. e4 c5 2. Nf3 d6 3. Nc3 Nf6 4. h3 Nc6 5. b3 g6 6. Bb2 Bg7 7. Nd5 e5 8. Nxf6+
Qxf6 9. Bc4 Rb8 10. Rb1 b5 11. Be2 O-O 12. d3 Qe7 13. g4 f5 14. gxf5 gxf5 15.
exf5 Bxf5 16. Bc1 e4 17. Ng5 exd3 18. cxd3 Rbe8 19. Be3 Bc3+ 20. Kf1 Bg6 21.
Bf3 Nb4 22. Be4 Qxg5 23. Bxg5 Bd4 24. Rh2 Bxe4 25. dxe4 Rxe4 26. Rg2 Kh8 27. a3
Nd5 28. Qd3 Re6 29. Re1 Rg6 30. Be3 Bxe3 31. Rxe3 Rxg2 32. Rf3 Rxf3 33. Qxf3
Rg5 34. Qf8+ Rg8 35. Qxd6 Nb6 36. Qe5+ Rg7 37. Qxc5 Rf7 38. Qxb5 Kg7 39. Qe5+
Kf8 40. h4 Nd7 41. Qa5 Nb6 42. h5 Re7 43. h6 Ke8 44. Qh5+ Kd7 45. a4 Kd6 46. f4
Nd5 47. f5 Re5 48. Kf2 Ne7 49. Qd1+ Rd5 50. Qc2 Rxf5+ 51. Kg3 a5 52. Kg4 Rf7
53. Qd2+ Nd5 54. Qxa5 Rf6 55. Qd8+ Ke5 56. Qh8 Ke6 57. Qxh7 Rf4+ 58. Kg5 Rg4+
59. Kxg4 Nf6+ 60. Kg5 Nxh7+ 61. Kg6 Nf8+ 62. Kg7 1-0

[Event "Sonderjysk EMT Gruppe 1 2007"]
[Site "Agerskov"]
[Date "2007.09.09"]
[Round "1"]
[White "Clausen, Hansjorgen"]
[Black "Petersen, Broder"]
[Result "1-0"]
[WhiteElo "1657"]
[BlackElo "1649"]
[PlyCount "139"]
[EventDate "2007.??.??"]

1. d4 d5 2. Nf3 f5 3. e3 Nf6 4. c4 e6 5. Nc3 c5 6. cxd5 Nxd5 7. Nxd5 Qxd5 8.
Qa4+ Bd7 9. Bb5 Bxb5 10. Qxb5+ Qc6 11. Qd3 cxd4 12. Qxd4 Nd7 13. O-O Qc5 14.
Bd2 e5 15. Qa4 b5 16. Qa6 Qb6 17. Qxb6 Nxb6 18. Nxe5 Bd6 19. Nf3 O-O 20. Bc3
Rac8 21. a3 Nc4 22. Nd4 a6 23. Ne6 Rf7 24. Bd4 Be5 25. b3 Bxd4 26. Nxd4 Nd6 27.
Rac1 Rfc7 28. Rxc7 Rxc7 29. a4 bxa4 30. bxa4 Rc4 31. Ra1 f4 32. g3 fxg3 33.
fxg3 Rc3 34. Rb1 Rxe3 35. Rb6 Nc4 36. Rxa6 Re5 37. Ra7 Ra5 38. Nc6 Rxa7 39.
Nxa7 Na5 40. Kf2 Kf7 41. Kf3 h5 42. Kf4 Kf6 43. h4 g6 44. Nb5 Nc6 45. Nc3 Nd4
46. a5 Ne6+ 47. Ke4 Nc5+ 48. Kd5 Na6 49. Ke4 Nc5+ 50. Kf3 Ke5 51. Ne2 g5 52.
hxg5 Kf5 53. g6 Kxg6 54. Nf4+ Kg5 55. Ng2 Kf5 56. Ne3+ Kg5 57. Nf1 Kf5 58. Nd2
Ke5 59. Kg2 Kd5 60. Kh3 Kc6 61. Kh4 Kb5 62. Kxh5 Kxa5 63. g4 Ne6 64. Kg6 Kb5
65. Kf5 Nd4+ 66. Kf6 Kc6 67. g5 Kd7 68. Kf7 Ne6 69. g6 Ng5+ 70. Kf6 1-0

[Event "Sonderjysk EMT Gruppe 1 2007"]
[Site "Agerskov"]
[Date "2007.09.09"]
[Round "1"]
[White "Jessen, Ernst J"]
[Black "Hansen, Hans Valdemar"]
[Result "0-1"]
[WhiteElo "1591"]
[BlackElo "1781"]
[PlyCount "92"]
[EventDate "2007.??.??"]

1. e4 c5 2. Nf3 d6 3. Nc3 a6 4. Nd5 e6 5. Ne3 d5 6. exd5 exd5 7. d4 Nc6 8. c3
Nf6 9. Bd3 cxd4 10. cxd4 Bb4+ 11. Bd2 Qa5 12. Bxb4 Qxb4+ 13. Qd2 Qxd2+ 14. Kxd2
O-O 15. h3 Ne4+ 16. Ke2 Nb4 17. Bxe4 dxe4 18. Nd2 f5 19. Rhc1 Bd7 20. b3 Nd3
21. Rc7 Bb5 22. Nec4 Bc6 23. g3 f4 24. g4 f3+ 25. Ke3 Nb4 26. Rxc6 bxc6 27. Na3
Nd5+ 28. Kxe4 Rae8+ 29. Kd3 Re2 30. Nac4 Nf4+ 31. Kc3 Nxh3 32. Ne5 Nxf2 33. Rf1
c5 34. dxc5 Rxe5 35. Rxf2 Re2 36. Rxf3 Rxf3+ 37. Nxf3 Re3+ 38. Kc4 Rxf3 39. c6
Rf1 40. Kc5 Kf7 41. c7 Ke7 42. Kb6 Kd7 43. Kb7 Rc1 44. Kxa6 Kxc7 45. Kb5 Rg1
46. a4 Rxg4 0-1

[Event "Sonderjysk EMT Gruppe 1 2007"]
[Site "Agerskov"]
[Date "2007.09.09"]
[Round "1"]
[White "Jensen, Godtfred Sloth"]
[Black "Schroder, Borge"]
[Result "1-0"]
[WhiteElo "1848"]
[BlackElo "1709"]
[PlyCount "27"]
[EventDate "2007.??.??"]

1. e4 b6 2. d4 Bb7 3. Nc3 g6 4. Nf3 Bg7 5. Bc4 d6 6. O-O Nd7 7. Bxf7+ Kf8 8.
Ng5 Qc8 9. Bb3 Ngf6 10. Ne6+ Kf7 11. Nxc7+ Kf8 12. Ne6+ Kf7 13. Re1 Qc6 14.
Nd8+ 1-0

[Event "Sonderjysk EMT Gruppe 1 2007"]
[Site "Agerskov"]
[Date "2007.09.09"]
[Round "2"]
[White "Hansen, Hans Valdemar"]
[Black "Jensen, Godtfred Sloth"]
[Result "0-1"]
[WhiteElo "1781"]
[BlackElo "1848"]
[PlyCount "72"]
[EventDate "2007.??.??"]

1. d4 d5 2. c4 e6 3. cxd5 exd5 4. Nf3 c6 5. Bf4 Nf6 6. e3 Nbd7 7. Be2 Be7 8.
O-O O-O 9. a3 Nh5 10. Nc3 Nxf4 11. exf4 Nf6 12. b4 a6 13. Ne5 h6 14. Re1 Re8
15. Bh5 Rf8 16. Qe2 Bd6 17. Bf3 g6 18. Qd2 Kg7 19. h3 h5 20. Kh1 Rh8 21. Nd1
Ng8 22. Ne3 Qf6 23. Nf1 Nh6 24. Nh2 Qh4 25. a4 Bf5 26. g3 Qd8 27. h4 Qb6 28.
Rab1 Bxb1 29. Rxb1 Nf5 30. b5 axb5 31. axb5 Ra4 32. Nd7 Qxd4 33. Qxd4+ Nxd4 34.
bxc6 bxc6 35. Bd1 Ra2 36. Kg1 Rha8 0-1

[Event "Sonderjysk EMT Gruppe 1 2007"]
[Site "Agerskov"]
[Date "2007.09.09"]
[Round "2"]
[White "Clausen, Hansjorgen"]
[Black "Asmund, Erik"]
[Result "1/2-1/2"]
[WhiteElo "1657"]
[BlackElo "1578"]
[PlyCount "30"]
[EventDate "2007.??.??"]

1. d4 Nf6 2. Nf3 d5 3. e3 Bg4 4. c4 e6 5. Qa4+ Qd7 6. Qxd7+ Nbxd7 7. cxd5 exd5
8. Be2 Bxf3 9. Bxf3 Bb4+ 10. Bd2 Bxd2+ 11. Nxd2 c6 12. b3 O-O 13. O-O Rfe8 14.
Be2 h6 15. g3 Re7 1/2-1/2

[Event "Sonderjysk EMT Gruppe 1 2007"]
[Site "Agerskov"]
[Date "2007.09.09"]
[Round "2"]
[White "Bjornskov, Kai Christian"]
[Black "Jessen, Ernst J"]
[Result "1-0"]
[WhiteElo "2106"]
[BlackElo "1591"]
[PlyCount "109"]
[EventDate "2007.??.??"]

1. e4 Nf6 2. e5 Nd5 3. d4 d6 4. c4 Nb6 5. f4 Bf5 6. Nc3 dxe5 7. fxe5 e6 8. Nf3
Be7 9. Be3 O-O 10. Be2 Nc6 11. O-O h6 12. a3 f6 13. b4 fxe5 14. dxe5 Qxd1 15.
Raxd1 Rad8 16. c5 Nd5 17. Nxd5 Rxd5 18. Bc4 Rxd1 19. Rxd1 Rd8 20. Rxd8+ Nxd8
21. Nd4 Be4 22. Nxe6 Nxe6 23. Bxe6+ Kf8 24. Kf2 b6 25. g3 bxc5 26. Bxc5 Bxc5+
27. bxc5 Ke7 28. Ke3 Bc6 29. Bf5 Kf7 30. h4 Ke7 31. Kf4 Bd5 32. g4 Kf7 33. g5
Bb3 34. Ke3 hxg5 35. hxg5 Ke7 36. Kd4 Bf7 37. Be4 Bb3 38. Bd5 Ba4 39. Kc3 c6
40. Bc4 a5 41. Kd4 Bd1 42. Bf1 Bc2 43. Bg2 Ba4 44. Bf3 Ke6 45. Bg4+ Ke7 46. e6
Bb3 47. Ke5 Bc4 48. Bf3 Bb5 49. Be4 Ba4 50. Kf5 g6+ 51. Ke5 Bb3 52. Bxg6 Bxe6
53. Be4 Bd7 54. Bf5 Be8 55. g6 1-0

[Event "Sonderjysk EMT Gruppe 1 2007"]
[Site "Agerskov"]
[Date "2007.09.09"]
[Round "2"]
[White "Petersen, Broder"]
[Black "Schroder, Borge"]
[Result "1/2-1/2"]
[WhiteElo "1649"]
[BlackElo "1709"]
[PlyCount "41"]
[EventDate "2007.??.??"]

1. c4 c5 2. Nc3 g6 3. e4 Bg7 4. f4 d6 5. Nf3 Nc6 6. d3 Nf6 7. Be2 O-O 8. O-O a6
9. a4 Nb4 10. d4 Bg4 11. d5 b5 12. cxb5 axb5 13. Bxb5 Bxf3 14. Rxf3 Ng4 15. Ne2
Qb6 16. Bc4 Nf6 17. Ng3 Ng4 18. Ne2 Nf6 19. Nc3 Ng4 20. Ne2 Nf6 21. Nc3 1/2-1/2

[Event "Sonderjysk EMT Gruppe 1 2007"]
[Site "Agerskov"]
[Date "2007.09.16"]
[Round "3"]
[White "Asmund, Erik"]
[Black "Petersen, Broder"]
[Result "1-0"]
[WhiteElo "1578"]
[BlackElo "1649"]
[PlyCount "67"]
[EventDate "2007.??.??"]

1. d4 d5 2. c4 Nf6 3. Nc3 e6 4. a3 c6 5. Bg5 h6 6. Bxf6 Qxf6 7. Nf3 dxc4 8. e3
b5 9. g3 Bb7 10. Bg2 a6 11. O-O c5 12. dxc5 Bxc5 13. Nd2 Bxg2 14. Kxg2 O-O 15.
Qe2 Nd7 16. Nde4 Qe7 17. Rad1 f5 18. Nxc5 Qxc5 19. f4 e5 20. Rxd7 exf4 21. exf4
Qc6+ 22. Rd5 Rad8 23. Rfd1 Rfe8 24. Qf3 Rxd5 25. Qxd5+ Qxd5+ 26. Rxd5 Re6 27.
Rxf5 g6 28. Re5 Rd6 29. Rd5 Re6 30. Kf2 Kf7 31. Ne2 Kf6 32. Nd4 Rb6 33. Rc5 b4
34. Rxc4 1-0

[Event "Sonderjysk EMT Gruppe 1 2007"]
[Site "Agerskov"]
[Date "2007.09.16"]
[Round "3"]
[White "Jessen, Ernst J"]
[Black "Clausen, Hansjorgen"]
[Result "1/2-1/2"]
[WhiteElo "1591"]
[BlackElo "1657"]
[PlyCount "50"]
[EventDate "2007.??.??"]

1. e4 b6 2. d4 Bb7 3. Bd3 e6 4. Nf3 d6 5. O-O Nd7 6. h3 Ngf6 7. Bf4 Bxe4 8.
Bxe4 Nxe4 9. Re1 Nef6 10. c3 Be7 11. Nbd2 O-O 12. Re2 Nh5 13. Bh2 g6 14. Qb3 c5
15. Ne4 d5 16. Ng3 Nxg3 17. Bxg3 cxd4 18. cxd4 Nf6 19. Ne5 Ne4 20. Nc6 Qe8 21.
Nxe7+ Qxe7 22. Bh2 Rac8 23. f3 Nd6 24. Qxd5 Nf5 25. Qe4 Qb4 1/2-1/2

[Event "Sonderjysk EMT Gruppe 1 2007"]
[Site "Agerskov"]
[Date "2007.09.16"]
[Round "3"]
[White "Schroder, Borge"]
[Black "Hansen, Hans Valdemar"]
[Result "1/2-1/2"]
[WhiteElo "1709"]
[BlackElo "1781"]
[PlyCount "49"]
[EventDate "2007.??.??"]

1. c4 Nf6 2. Nc3 c5 3. g3 Nc6 4. Bg2 e6 5. d3 d5 6. cxd5 exd5 7. Bf4 Be7 8. Qd2
a6 9. Rd1 O-O 10. Nf3 d4 11. Nb1 c4 12. a3 cxd3 13. Qxd3 Qb6 14. Qc2 Nd5 15.
Ng5 Nf6 16. Nd2 g6 17. Nge4 Nxe4 18. Bxe4 Be6 19. O-O f5 20. Bg2 g5 21. Bxc6
gxf4 22. Bf3 fxg3 23. hxg3 Rac8 24. Qd3 f4 25. Ne4 1/2-1/2

[Event "Sonderjysk EMT Gruppe 1 2007"]
[Site "Haderslev"]
[Date "2007.09.26"]
[Round "3"]
[White "Jensen, Godtfred Sloth"]
[Black "Bjornskov, Kai Christian"]
[Result "1/2-1/2"]
[WhiteElo "1848"]
[BlackElo "2106"]
[PlyCount "86"]
[EventDate "2007.??.??"]

1. Nf3 Nf6 2. d4 g6 3. c4 Bg7 4. Nc3 O-O 5. e3 c5 6. Be2 d6 7. O-O Nc6 8. d5
Ne5 9. Nxe5 dxe5 10. e4 Ne8 11. Be3 b6 12. f4 exf4 13. Bxf4 e5 14. dxe6 Bxe6
15. e5 Qe7 16. Qc1 Rd8 17. Bg5 f6 18. exf6 Bxf6 19. Bxf6 Nxf6 20. Qe3 Rde8 21.
Rae1 Qg7 22. Qg3 Bf5 23. Rd1 Ne4 24. Nxe4 Bxe4 25. Rxf8+ Qxf8 26. Bg4 Qf6 27.
Rd2 Rf8 28. Qf2 Qxf2+ 29. Rxf2 Rxf2 30. Kxf2 Kf7 31. g3 Kf6 32. Ke3 Ke5 33. Bd1
Bb1 34. a3 Bf5 35. Be2 g5 36. Bf1 h6 37. Be2 Bc2 38. Bg4 Bb3 39. Be2 Kf5 40.
Kf3 Bc2 41. Ke3 Ke5 42. Bf3 Bb3 43. Be2 Bc2 1/2-1/2

[Event "Sonderjysk EMT Gruppe 1 2007"]
[Site "Agerskov"]
[Date "2007.09.16"]
[Round "4"]
[White "Petersen, Broder"]
[Black "Hansen, Hans Valdemar"]
[Result "0-1"]
[WhiteElo "1649"]
[BlackElo "1781"]
[PlyCount "86"]
[EventDate "2007.??.??"]

1. c4 e5 2. e4 Nf6 3. Nc3 Bc5 4. d3 c6 5. Be3 Bb4 6. a3 Ba5 7. h3 d5 8. exd5
cxd5 9. d4 exd4 10. Bxd4 O-O 11. b4 Bc7 12. cxd5 Nxd5 13. Bxg7 Kxg7 14. Nxd5
Be5 15. Rc1 Be6 16. Nf3 Qxd5 17. Qxd5 Bxd5 18. Nxe5 Re8 19. f4 f6 20. Rc7+ Kg8
21. Bd3 fxe5 22. Bxh7+ Kf8 23. Bg6 Re7 24. Rc8+ Kg7 25. f5 b6 26. h4 Na6 27.
Rxa8 Bxa8 28. Rh2 Bd5 29. g4 Bf7 30. g5 Rc7 31. Bxf7 Rxf7 32. f6+ Kg6 33. Kf2
Nc7 34. Kg3 Rd7 35. Re2 Rd3+ 36. Kh2 Rd5 37. Rc2 Ne6 38. Rc6 Rd2+ 39. Kg3 Rd3+
40. Kg4 Rd4+ 41. Kg3 Nf4 42. Rc7 Rd3+ 43. Kg4 Nh5 0-1

[Event "Sonderjysk EMT Gruppe 1 2007"]
[Site "Agerskov"]
[Date "2007.09.16"]
[Round "4"]
[White "Clausen, Hansjorgen"]
[Black "Jensen, Godtfred Sloth"]
[Result "1/2-1/2"]
[WhiteElo "1657"]
[BlackElo "1848"]
[PlyCount "126"]
[EventDate "2007.??.??"]

1. d4 d5 2. Nf3 Nf6 3. e3 a6 4. c4 e6 5. Nc3 c5 6. dxc5 Bxc5 7. cxd5 exd5 8.
Be2 Nc6 9. O-O O-O 10. a3 Ba7 11. b4 d4 12. exd4 Nxd4 13. Bb2 Nxe2+ 14. Nxe2
Qxd1 15. Raxd1 Re8 16. Nf4 Bg4 17. Bxf6 gxf6 18. Nd5 Bxf3 19. Nxf6+ Kf8 20.
gxf3 Re2 21. Nxh7+ Kg7 22. Ng5 Rae8 23. Rd3 a5 24. bxa5 R8e5 25. f4 Rxa5 26.
Rd7 Rxa3 27. Rxf7+ Kg6 28. Rxb7 Raa2 29. Nh3 Kf5 30. Rb3 Bd4 31. Rf3 Bf6 32.
Kg2 Re8 33. Ng5 Rg8 34. Rg3 Rb8 35. Nh3 Rbb2 36. Rd3 Bh4 37. Kf3 Rb5 38. Rg1
Rbb2 39. Rg2 Rd2 40. Rxd2 Rxd2 41. Rg8 Rd3+ 42. Kg2 Bf6 43. Re8 Kg4 44. Re3 Rd2
45. Rf3 Kf5 46. Ng5 Ra2 47. Kg3 Ra4 48. h4 Ra1 49. Rb3 Rg1+ 50. Kf3 Rh1 51.
Rb5+ Kg6 52. Kg3 Rg1+ 53. Kh2 Rg4 54. f5+ Kh5 55. Nf3 Bxh4 56. f6+ Kh6 57. Kh3
Rf4 58. Nxh4 Rxf2 59. Nf5+ Kg6 60. Kg3 Rd2 61. Rb6 Kxf5 62. f7 Rd8 63. Rb4 Kg6
1/2-1/2

[Event "Sonderjysk EMT Gruppe 1 2007"]
[Site "Haderslev"]
[Date "2007.09.16"]
[Round "4"]
[White "Bjornskov, Kai Christian"]
[Black "Schroder, Borge"]
[Result "1-0"]
[WhiteElo "2106"]
[BlackElo "1709"]
[PlyCount "49"]
[EventDate "2007.??.??"]

1. e4 b6 2. d4 Bb7 3. Nc3 e6 4. Bd3 c5 5. Nf3 Nf6 6. O-O Be7 7. Re1 d5 8. e5
Nfd7 9. Bf4 Nc6 10. Bb5 a6 11. Bxc6 Bxc6 12. Ne2 Qc7 13. c3 h6 14. Bg3 g5 15.
h4 h5 16. a4 gxh4 17. Bxh4 Bxh4 18. Nxh4 O-O-O 19. Nf4 Rdg8 20. g3 Qd8 21. Kh2
Nf8 22. a5 Ng6 23. Nhxg6 fxg6 24. axb6 Kb7 25. Nxe6 1-0

[Event "Sonderjysk EMT Gruppe 1 2007"]
[Site "Agerskov"]
[Date "2007.09.23"]
[Round "5"]
[White "Schroder, Borge"]
[Black "Clausen, Hansjorgen"]
[Result "1-0"]
[WhiteElo "1709"]
[BlackElo "1657"]
[PlyCount "61"]
[EventDate "2007.??.??"]

1. c4 e6 2. g3 Nf6 3. Bg2 c6 4. Nc3 d5 5. b3 Be7 6. Bb2 Nbd7 7. e3 Nb6 8. cxd5
cxd5 9. Nge2 Bd7 10. O-O O-O 11. Nf4 Bc6 12. Nce2 Nbd7 13. Nd4 e5 14. Nxc6 bxc6
15. Nh5 g6 16. Nxf6+ Bxf6 17. Rc1 Rc8 18. d4 e4 19. Bh3 c5 20. Qc2 Be7 21. Qd2
f5 22. Rfd1 Bf6 23. dxc5 Bxb2 24. Qxb2 Nxc5 25. Bf1 Qd6 26. Qa3 Qb6 27. Rxd5
Nb7 28. Bc4 Kg7 29. Rd7+ Kh6 30. Qe7 Nc5 31. Qxh7+ 1-0

[Event "Sonderjysk EMT Gruppe 1 2007"]
[Site "Agerskov"]
[Date "2007.09.23"]
[Round "5"]
[White "Hansen, Hans Valdemar"]
[Black "Bjornskov, Kai Christian"]
[Result "0-1"]
[WhiteElo "1781"]
[BlackElo "2106"]
[PlyCount "44"]
[EventDate "2007.??.??"]

1. d4 Nf6 2. c4 g6 3. Nc3 Bg7 4. e4 d6 5. f4 O-O 6. Nf3 c5 7. d5 e6 8. Bd3 exd5
9. cxd5 Na6 10. O-O Nc7 11. Re1 a6 12. a4 Rb8 13. Qe2 Re8 14. Qf1 Bg4 15. Nd2
Qe7 16. h3 Nfxd5 17. Nxd5 Nxd5 18. exd5 Bd4+ 19. Kh2 Qxe1 20. Qxe1 Rxe1 21.
hxg4 Bg1+ 22. Kg3 Re3+ 0-1

[Event "Sonderjysk EMT Gruppe 1 2007"]
[Site "Agerskov"]
[Date "2007.09.23"]
[Round "6"]
[White "Asmund, Erik"]
[Black "Schroder, Borge"]
[Result "1-0"]
[WhiteElo "1578"]
[BlackElo "1709"]
[PlyCount "49"]
[EventDate "2007.??.??"]

1. e4 g6 2. d4 Bg7 3. Nf3 d6 4. h3 Nc6 5. c3 e5 6. d5 Nce7 7. Bd3 Nf6 8. Be3
O-O 9. Nbd2 Bd7 10. Nh2 Nh5 11. Be2 Nf4 12. Bxf4 exf4 13. Qc2 f5 14. Bd3 fxe4
15. Bxe4 Bf5 16. Bxf5 Rxf5 17. c4 Qf8 18. Nhf3 Qf6 19. O-O-O Nc8 20. Ne4 Qf7
21. Nfg5 Qe7 22. Ne6 Nb6 23. f3 Nd7 24. Nxc7 Nf8 25. Nxa8 1-0

[Event "Sonderjysk EMT Gruppe 1 2007"]
[Site "Agerskov"]
[Date "2007.09.23"]
[Round "6"]
[White "Jessen, Ernst J"]
[Black "Jensen, Godtfred Sloth"]
[Result "0-1"]
[WhiteElo "1591"]
[BlackElo "1848"]
[PlyCount "58"]
[EventDate "2007.??.??"]

1. e4 c5 2. Bc4 e6 3. Nf3 Nc6 4. O-O a6 5. a3 d6 6. d4 cxd4 7. Nxd4 Nf6 8. Nc3
Be7 9. Nxc6 bxc6 10. f3 Bb7 11. Be3 O-O 12. Bf2 d5 13. exd5 cxd5 14. Bd3 Qc7
15. Bg3 Bd6 16. Bxd6 Qxd6 17. Kh1 Rfd8 18. Re1 Rab8 19. b4 Rbc8 20. Na4 Nd7 21.
c4 Qf4 22. c5 g6 23. Qe2 Rf8 24. Qe3 Qxe3 25. Rxe3 Bc6 26. Bc2 a5 27. Nb6 Nxb6
28. cxb6 axb4 29. a4 Rb8 0-1

[Event "Sonderjysk EMT Gruppe 1 2007"]
[Site "Agerskov"]
[Date "2007.09.23"]
[Round "6"]
[White "Petersen, Broder"]
[Black "Bjornskov, Kai Christian"]
[Result "0-1"]
[WhiteElo "1649"]
[BlackElo "2106"]
[PlyCount "62"]
[EventDate "2007.??.??"]

1. c4 Nf6 2. d4 g6 3. Nc3 Bg7 4. f4 d5 5. e3 O-O 6. Nf3 c5 7. dxc5 Qa5 8. Be2
Ne4 9. Nd4 dxc4 10. O-O Nxc3 11. bxc3 Qxc5 12. Qa4 Bd7 13. Qxc4 Qxc4 14. Bxc4
e6 15. Bd2 Rc8 16. Be2 Nc6 17. Bf3 Rab8 18. Rab1 Na5 19. Be2 Nc4 20. Bxc4 Rxc4
21. Rb4 Rc5 22. Rfb1 b6 23. e4 Ra5 24. R1b2 Rc8 25. Rc2 Bf8 26. Rbb2 Ra4 27.
Kf2 Ba3 28. Rb3 Bc5 29. Rbb2 Rc4 30. Be3 Ba4 31. Rc1 Ba3 0-1

[Event "Sonderjysk EMT Gruppe 1 2007"]
[Site "Agerskov"]
[Date "2007.09.23"]
[Round "6"]
[White "Clausen, Hansjorgen"]
[Black "Hansen, Hans Valdemar"]
[Result "1/2-1/2"]
[WhiteElo "1657"]
[BlackElo "1781"]
[PlyCount "117"]
[EventDate "2007.??.??"]

1. d4 d5 2. Nf3 e6 3. e3 c5 4. dxc5 Bxc5 5. a3 Nf6 6. b4 Bd6 7. Bb2 O-O 8. c4
dxc4 9. Bxc4 Qc7 10. Be2 e5 11. Nbd2 e4 12. Rc1 Qe7 13. Bxf6 gxf6 14. Nh4 f5
15. g3 f4 16. exf4 Bxf4 17. Ng2 Bh6 18. Qc2 Bf5 19. Qc3 Nc6 20. O-O Ne5 21. Ne3
Bg6 22. Qb3 Rad8 23. Rc2 Nd3 24. Ndc4 b5 25. Nb2 Bxe3 26. fxe3 Qg5 27. Nd1 h5
28. Bxd3 Rxd3 29. Qb2 Rfd8 30. Rc5 Qh6 31. Nf2 Qxe3 32. Qf6 R3d6 33. Qg5 Qxg5
34. Rxg5 e3 35. Ne4 Rd1 36. Nc3 R1d2 37. Re1 R2d3 38. Nxb5 a6 39. Nc7 Kh7 40.
Re5 Rxa3 41. R1xe3 Ra4 42. b5 Ra1+ 43. Re1 Rdd1 44. Kf2 a5 45. Rxd1 Rxd1 46. b6
Rb1 47. Rb5 Rxb5 48. Nxb5 Be4 49. Nd6 Bd5 50. b7 Bxb7 51. Nxb7 a4 52. Nc5 a3
53. Nb3 Kg6 54. Kf3 Kf5 55. h3 Ke5 56. g4 h4 57. Ke3 f6 58. Nc1 f5 59. gxf5
1/2-1/2

[Event "Sonderjysk EMT Gruppe 1 2007"]
[Site "Agerskov"]
[Date "2007.09.29"]
[Round "7"]
[White "Bjornskov, Kai Christian"]
[Black "Clausen, Hansjorgen"]
[Result "1-0"]
[WhiteElo "2106"]
[BlackElo "1657"]
[PlyCount "97"]
[EventDate "2007.??.??"]

1. e4 b6 2. d4 Bb7 3. Nc3 e6 4. Nf3 Bb4 5. Bd3 d6 6. O-O Bxc3 7. bxc3 Ne7 8.
Re1 Nd7 9. a4 O-O 10. e5 dxe5 11. dxe5 Nc5 12. Bxh7+ Kh8 13. Bd3 Nxd3 14. cxd3
Bxf3 15. Qxf3 Nf5 16. d4 g6 17. Re4 f6 18. exf6 Qxf6 19. Bf4 Qe7 20. Rae1 Ng7
21. Qh3+ Kg8 22. Be5 Nh5 23. g4 Nf6 24. Qh6 Qf7 25. Rf4 Qh7 26. Qxh7+ Nxh7 27.
Bxc7 Rac8 28. Rxf8+ Nxf8 29. Bd6 Rxc3 30. Bxf8 Kxf8 31. Rxe6 Kf7 32. Rd6 Rc4
33. Rd7+ Kf6 34. Rxa7 Rxd4 35. h3 Rd6 36. Kg2 g5 37. a5 bxa5 38. Rxa5 Re6 39.
Kg3 Kg6 40. h4 gxh4+ 41. Kxh4 Rf6 42. Kg3 Rc6 43. f4 Rc3+ 44. Kh4 Rc6 45. f5+
Kg7 46. Kh5 Rc1 47. Ra7+ Kf6 48. Ra6+ Kf7 49. Kg5 1-0

[Event "Sonderjysk EMT Gruppe 1 2007"]
[Site "Agerskov"]
[Date "2007.09.29"]
[Round "7"]
[White "Schroder, Borge"]
[Black "Jessen, Ernst J"]
[Result "1-0"]
[WhiteElo "1709"]
[BlackElo "1591"]
[PlyCount "89"]
[EventDate "2007.??.??"]

1. c4 c5 2. g3 g6 3. Bg2 Bg7 4. Nc3 Nc6 5. b3 Nf6 6. Bb2 O-O 7. Nd5 Nxd5 8.
Bxg7 Ne3 9. dxe3 Kxg7 10. Nf3 Qa5+ 11. Qd2 Qxd2+ 12. Kxd2 d6 13. Rhd1 Bf5 14.
Nh4 Bd7 15. Bf3 Rab8 16. Ng2 Ne5 17. Nf4 Bc6 18. Bxc6 bxc6 19. f3 Nd7 20. Kc2
Rb7 21. Rab1 Rfb8 22. Nd3 Nb6 23. Nb2 Nc8 24. Na4 Nb6 25. Nc3 f6 26. e4 Nd7 27.
f4 h6 28. e3 g5 29. Rd2 Kg6 30. Rbd1 Kf7 31. Na4 Kg6 32. Nb2 Nf8 33. Nd3 a5 34.
e5 fxe5 35. fxe5 a4 36. bxa4 Ra7 37. exd6 exd6 38. Nb2 Rxb2+ 39. Kxb2 Rxa4 40.
Rxd6+ Kg7 41. Rxc6 Rxc4 42. Rc7+ Kg6 43. Rd6+ Kh5 44. h3 Re4 45. Rcc6 1-0

[Event "Sonderjysk EMT Gruppe 1 2007"]
[Site "Agerskov"]
[Date "2007.09.29"]
[Round "7"]
[White "Hansen, Hans Valdemar"]
[Black "Asmund, Erik"]
[Result "1-0"]
[WhiteElo "1781"]
[BlackElo "1578"]
[PlyCount "33"]
[EventDate "2007.??.??"]

1. e4 c5 2. Nf3 e6 3. c4 Nc6 4. Nc3 b6 5. d4 cxd4 6. Nxd4 Bb7 7. Ndb5 a6 8.
Nd6+ Bxd6 9. Qxd6 Qe7 10. Qc7 d5 11. Qxb6 Nb4 12. Be3 Nc2+ 13. Kd2 Nxa1 14. Bc5
Qd7 15. exd5 exd5 16. Bd3 dxc4 17. Re1+ 1-0